000 00721cam a2200217 i 4500
001 23192927
005 20241115120604.0
008 230620s2008 scua 001 0 eng
020 _a9781932628258
_q(paperback)
020 _a9781932628302
_q(bundle)
050 0 0 _aQA107.2
_b.W753 2008
100 1 _aWright, D. Franklin,
_eauthor.
245 1 0 _aPrealgebra :
_ba worktext /
_cD. Franklin Wright, Cerritos College.
250 _aFourth edition.
260 _aCharleston
_bHawkes Learning Systems
_c2008
300 _a1 volume (various pagings) :
_billustrations (chiefly color) ;
_c28 cm
500 _aIncludes index.
650 0 _aArithmetic
_vTextbooks.
650 0 _aAlgebra
_vTextbooks.
942 _2lcc
_cBK
_e4th Ed.
_n0
999 _c1245
_d1245